| 000 | 00503nam a2200169Ia 4500 | ||
|---|---|---|---|
| 999 |
_c22199 _d22199 |
||
| 003 | OSt | ||
| 005 | 20200515090734.0 | ||
| 008 | 190216s9999||||xx |||||||||||||| ||und|| | ||
| 040 | _coclc | ||
| 082 |
_a954 _bPAR/H |
||
| 100 |
_aParker, Sybil P _92339 |
||
| 245 | 0 |
_aHistory Of Muslim India / _cSybil P Parker |
|
| 260 |
_bDialogue Centre, _c1967. _a Kerala: |
||
| 300 | _a319p | ||
| 650 | 0 |
_aHistory & geography _vIslamic History _92271 |
|
| 942 |
_cBK _2ddc _h954 _iPAR/H _k954 _mPAR/H |
||